Can technology work for policing? citizen perceptions of police-body worn cameras (Record no. 518745)

000 -LEADER
fixed length control field 01666nam a22001577a 4500
008 - FIXED-LENGTH DATA ELEMENTS--GENERAL INFORMATION
fixed length control field 211029b ||||| |||| 00| 0 eng d
100 ## - MAIN ENTRY--PERSONAL NAME
Personal name Wright, James E. and Headley, Andrea M.
245 ## - TITLE STATEMENT
Title Can technology work for policing? citizen perceptions of police-body worn cameras
260 ## - PUBLICATION, DISTRIBUTION, ETC. (IMPRINT)
Place of publication, distribution, etc American Review of Public Administration
300 ## - PHYSICAL DESCRIPTION
Extent 51(1), Jan, 2021: p.17-27
520 ## - SUMMARY, ETC.
Summary, etc Recent incidents between police and people of color have further strained police–community relationships. Scholars, practitioners, activists, policy makers, and several police departments have advocated for the implementation of body-worn cameras (BWC), a technological adoption promoted to address growing mistrust in the United States. This article examines perception of this technological adoption through 40 in-depth interviews in Washington, D.C. Furthermore, this article uses the context of police BWC to explore how the integration of technological advancements impacts the relationships between communities and local governments—namely police departments. The evidence suggests that residents believe BWC should improve officer behavior and increase police legitimacy, but cameras will not increase trust between police and the community. Based on the findings, this research identifies the limitations of BWC technology and assesses potential collaborative strategies available for police organizations related to the adoption and use of BWC. – Reproduced
650 ## - SUBJECT ADDED ENTRY--TOPICAL TERM
Topical term or geographic name as entry element Policing, body-worn cameras, Technology and government, Citizen expectations
9 (RLIN) 28473
773 ## - HOST ITEM ENTRY
Main entry heading American Review of Public Administration
906 ## - LOCAL DATA ELEMENT F, LDF (RLIN)
Subject DIP POLICING
942 ## - ADDED ENTRY ELEMENTS (KOHA)
Item type Articles
Holdings
Withdrawn status Lost status Source of classification or shelving scheme Damaged status Not for loan Permanent location Current location Date acquired Serial Enumeration / chronology Barcode Date last seen Koha item type
          Indian Institute of Public Administration Indian Institute of Public Administration 2021-10-29 51(1), Jan, 2021: p.17-27 AR125842 2021-10-29 Articles

Powered by Koha